000 00843nam a2200217Ia 4500
005 20250108125013.0
008 008 250107s9999 xx 000 0 hin d
020 _a978-93-69546-77-0
037 _aTB
040 _aCRL
_bhin
_cCRL
041 _ahin
_2hin
084 _aO168,1N061x R2
084 _qCRL
245 0 _aयोग प्रश्नावली: बाल योग मित्र मण्डल, मुंगेर के बच्चों द्वारा संकलित
260 _aबिहार, भारत
_bयोग पब्लिकेशन्स ट्रस्ट
_c2971
365 _aINR
_b400
490 _vभाग 1
650 _aआध्यात्मिक अनुभव और रहस्यवाद
942 _cTB
_hO168,1N061x R2
999 _c1235359
_d1235359